000 00410pab a2200157 454500
008 180718b2001 xxu||||| |||| 00| 0 eng d
100 _aKarnik, Ajit
245 _aBudget 2001-2002: government finances: weakness remain
260 _c2001
300 _ap.986-88
362 _a24 Mar
650 _aBudget - India - 2001-2002
650 _aBudget
773 _aEconomic and Political Weekly
909 _a48173
999 _c48173
_d48173